Регионална библиотека "Любен Каравелов" - Русе

Разпадането на Близкия Изток 1956 - 2004 (Запис номер 54161)

MARC детайли
000 -Лидер
Контролно поле с фиксирана дължина 02073nam a2200457 c 4500
003 - Код на организацията, давaща контролен номер
Контролно поле BLK
005 - Дата и час на последна редакция
Контролно поле 20240413115923.0
008 - Елементи от данни с фиксирана дължина
fixed length control field 180408b bul|||||r ||||||| ||bul||
010 ## - Наследен системен номер
LC control number KNG00058105000
020 ## - Международен стандартен номер на книга ISBN
Международен стандартен номер на книга ISBN 954-9785-16-5
-- издат.: Меридиани
040 ## - Източник на каталожния запис
Идентификатор на билиотеката - собственик на записа BLK
041 ## - Код за език
Код за езика на текст/звукозапис или на отделно заглавие Български
Код за езика КДБФ Български
080 ## - УДК
Текстов определител УДК Политика. Вж и 341 ; 342
УДК код - определител по УДК 32
УДК определител (0-011)
УДК - код + определител 32(0-011)
080 ## - УДК
Текстов определител УДК Геополитика
УДК код - определител по УДК 327:911.3
УДК определител
УДК - код + определител 327:911.3
080 ## - УДК
Текстов определител УДК Международни икономически отношения. Външностопанска политика. Световно стопанство
УДК код - определител по УДК 339.9
УДК определител
УДК - код + определител 339.9
100 1# - Редна дума - Автор
Автор Корм, Жорж
Авторска отговорност първи автор
R(LIN) 82460
139 ## - Редно поле
Редна дума Корм, Жорж
Авторски знак Кор - К 85
245 10 - Сведения за заглавието
Заглавие Разпадането на Близкия Изток 1956 - 2004
Редно поле (дума) Жорж Корм; прев. от фр. Любляна Василева Гоцева.
257 ## - Страна на издаване
Страна на създаване/издаване Франция
260 ## - Област на издателските данни
-- София
Име на издателя, разпространителя и проч. Меридиани
Година на издаване 2005
300 ## - Физическа характеристика
Страници 664 с.
Размери/Мащаб 24 см
380 ## - Жанр
Жанр Обществени науки
500 ## - Общи забележки
Забележка Ориг. загл. Le Proche-Orient eclate / Georges Corm. - Съдържа и Библиография на отделните страни ; Цитирана лит. ; индекс на собствените имена. - Библиогр. с. 638-647
504 ## - Забележка за наличие на библиография и др
Забележка за наличие на библиография и под. 638-647
650 #4 - Допълнително описание по предмет – тема
Основно описание – тема или топоним Близък Изток
9 (RLIN) 269008
650 #4 - Допълнително описание по предмет – тема
Основно описание – тема или топоним Международни отношения - Близък Изток
9 (RLIN) 285446
650 #4 - Допълнително описание по предмет – тема
Основно описание – тема или топоним Геополитика
9 (RLIN) 151969
650 #4 - Допълнително описание по предмет – тема
Основно описание – тема или топоним Световно стопанство
9 (RLIN) 251664
651 #4 - Допълнително описание по предмет - топоним
Географско понятие Близък Изток
9 (RLIN) 269008
653 ## - Ключова дума – ненормативна
Ключова дума световно стопанство
653 ## - Ключова дума – ненормативна
Ключова дума политика
653 ## - Ключова дума – ненормативна
Ключова дума геополитика
653 ## - Ключова дума – ненормативна
Ключова дума Близък Изток
700 1# - Други автори (авторска отговорност)
Лично име Гоцева, Любляна Василева
Автороска отговорност (Описва отношението между автора и произведението) прев. от фр.
9 (RLIN) 267875
852 ## - Местоположение
Форматна сигнатура Цб 226329
856 4# - Електронен адрес и достъп
Електронен формат pdf - файл
Път до файла /url/
856 4# - Електронен адрес и достъп
Електронен формат pdf - файл
Път до файла /url/
942 ## - АРТИКУЛИ
Вид на библиотечния материал Книги
Скрит в OPAC Не
Koha issues (borrowed), all copies 3
944 ## - СЪЗДАВАНЕ И РЕДАКЦИЯ на ЗАПИСА
Създаване/Редакция Създаване
Дата на регистрацията/редакция 03.02.2006
Служител, извършил регистрацията/редакцията 30552
Статус, дата на статуса Виолета Тройчева
944 ## - СЪЗДАВАНЕ И РЕДАКЦИЯ на ЗАПИСА
Създаване/Редакция Редакция
Дата на регистрацията/редакция 13.01.2010
Служител, извършил регистрацията/редакцията
999 ## - СИСТЕМНИ КОНТРОЛНИ НОМЕРА
Koha biblionumber 54161
Koha biblioitemnumber 54161
Наличности
Код за отписване Код за изгубен артикул Код за повреда Коз за рестрикции Код за отдаване Артикулен № Име на библиотеката - собственик Име на библиотеката, в която се намира в момента Статус (Текущо местоположение) Дата на вписване в системата Местоположение - отдел Цена в лева Инвентарен номер Систематично азбучна сигнатура Баркод Номер на екземпляра Цена в евро Служебна бележка Служебен тип на артикула
  Не е изгубен Не е повреден без рестрикции ползва се в читалня 85390 Регионална библиотека "Любен Каравелов" Русе Регионална библиотека "Любен Каравелов" Русе Читалня 2006-02-03 Читалня 25.00 120000699906 Ч 32/К 85 120000699906 1 12.78 Дост: Pk Вид: Ф N: 8910 Дата: 02.02.2006 Дата инв: 22.03.2017 Бележки инв: Ч2017 Книги
  Не е изгубен Не е повреден без рестрикции заемане за дома 85391 Регионална библиотека "Любен Каравелов" Русе Регионална библиотека "Любен Каравелов" Русе Заемна - подръчен фонд 2006-06-28 Заемна - подръчен фонд 25.00 120000703484 П 32/К 85 120000703484 2 12.78 Дост: DA Вид: А N: 12 Дата: 28.06.2006 Дата инв: 02.02.2018 Бележки инв: П2018 Книги
  Не е изгубен Не е повреден без рестрикции заемане за дома 85392 Регионална библиотека "Любен Каравелов" Русе Регионална библиотека "Любен Каравелов" Русе Заемна - подръчен фонд 2007-10-09 Заемна - подръчен фонд 25.00 120000717801 П 32/К 85 120000717801 3 12.78 Дост: Pk Вид: Ф N: 9216 Дата: 01.10.2007 Дата инв: 02.02.2018 Бележки инв: П2018 Книги
  Не е изгубен Не е повреден без рестрикции ползва се в читалня 85393 Регионална библиотека "Любен Каравелов" Русе Регионална библиотека "Любен Каравелов" Русе Хранилище 2010-01-13 Хранилище 25.00 120000740526 Цб 226329 120000740526 4 12.78 Дост: Dp Вид: Д N: 24 Дата: 03.06.2009 Книги
Vip Innovations Ltd, Rousse, Bulgaria 2025